| 000 | 01215pam a2200301 a 4500 | ||
|---|---|---|---|
| 001 | 3452152 | ||
| 003 | NUST-PNEC | ||
| 005 | 20170116180711.0 | ||
| 008 | 921224s1993 enka b 001 0 eng | ||
| 010 | _a 92046676 | ||
| 020 | _a0751400742 | ||
| 040 | _cPNEC | ||
| 050 | 0 | 0 |
_aTP1150 _b.C73 1993 |
| 082 | 0 | 0 | _a668.423 CRA |
| 100 | 1 |
_aCracknell, P. S., _d1962- |
|
| 245 | 1 | 0 |
_aHandbook of thermoplastics injection mould design / _cby P.S. Cracknell and R.W. Dyson. |
| 250 | _a1st ed. | ||
| 260 |
_aLondon ; _aNew York : _bBlackie Academic & Professional, _c1993. |
||
| 300 |
_axii, 132 p. : _bill. ; _c24 cm. |
||
| 500 | _ahttp://www.amazon.fr/Handbook-Thermoplastics-Injection-Mould-Design/dp/9401572119/ref=sr_1_1?ie=UTF8&qid=1413021464&sr=8-1&keywords=HANDBOOK+OF+THERMOPLASTIC+INJECTION+MOULD+DESIGN | ||
| 504 | _aIncludes bibliographical references (p. [127]) and index. | ||
| 650 | 0 |
_aInjection molding of plastics. _xME, IME |
|
| 690 | _xIME, ME | ||
| 700 | 1 |
_aDyson, R. W. _q(Robert William), _d1942- |
|
| 906 |
_a7 _bcbc _corignew _d1 _eocip _f19 _gy-gencatlg |
||
| 942 |
_2ddc _cBK |
||
| 999 |
_c60979 _d60979 |
||